The impact of sports celebrity endorsement on consumer purchasing intention towards energy drinks as perceived by millenials in Las Pinas (Record no. 367092)
[ view plain ]
| 000 -LEADER | |
|---|---|
| fixed length control field | 00866nam a22002057a 4500 |
| 003 - CONTROL NUMBER IDENTIFIER | |
| control field | 0 |
| 005 - DATE AND TIME OF LATEST TRANSACTION | |
| control field | 20250201142153.0 |
| 008 - FIXED-LENGTH DATA ELEMENTS--GENERAL INFORMATION | |
| fixed length control field | 250201b xxu||||| |||| 00| 0 eng d |
| 050 ## - LIBRARY OF CONGRESS CALL NUMBER | |
| Classification number | HF 6146 |
| Item number | .M33 2023 |
| 100 ## - MAIN ENTRY--PERSONAL NAME | |
| Personal name | Madulin, Carl Dave M. |
| 245 ## - TITLE STATEMENT | |
| Title | The impact of sports celebrity endorsement on consumer purchasing intention towards energy drinks as perceived by millenials in Las Pinas |
| Statement of responsibility, etc | Carl Dave M. Madulin |
| 260 ## - PUBLICATION, DISTRIBUTION, ETC. (IMPRINT) | |
| Place of publication, distribution, etc | Las Pinas City |
| Name of publisher, distributor, etc | Southville International School and Colleges |
| Date of publication, distribution, etc | 2023 |
| 300 ## - PHYSICAL DESCRIPTION | |
| Extent | vi, 168 pages ; |
| Dimensions | 28cm. |
| 500 ## - GENERAL NOTE | |
| General note | Bachelor of Science in Business Administration Major in Marketing Management. |
| 504 ## - BIBLIOGRAPHY, ETC. NOTE | |
| Bibliography, etc | Includes bibliographical references and appendices. <br/> |
| 650 ## - SUBJECT ADDED ENTRY--TOPICAL TERM | |
| Topical term or geographic name as entry element | Advertising—Endorsements. |
| 650 ## - SUBJECT ADDED ENTRY--TOPICAL TERM | |
| Topical term or geographic name as entry element | Millennials—Consumer behavior – Las Pinas. |
| 650 ## - SUBJECT ADDED ENTRY--TOPICAL TERM | |
| Topical term or geographic name as entry element | Energy drinks—Marketing. |
| 942 ## - ADDED ENTRY ELEMENTS (KOHA) | |
| Source of classification or shelving scheme | Library of Congress Classification |
| Koha item type | Theses |
| Withdrawn status | Lost status | Source of classification or shelving scheme | Damaged status | Home library | Current library | Shelving location | Date acquired | Source of acquisition | Sub Shelving location | Total Checkouts | Full call number | Barcode | Date last seen | Price effective from | Koha item type |
|---|---|---|---|---|---|---|---|---|---|---|---|---|---|---|---|
| Library of Congress Classification | College Library | College Library | Theses Section | 02/01/2025 | Donation | HF 6146 .M33 2023 | T1304 | 02/01/2025 | 02/01/2025 | Theses |